000 00617nam a2200253Ia 4500
005 20260306154040.0
008 008 260114s9999 xx 000 0 eng d
020 _a9781139174916
037 _aEBOOK
040 _aCRL
040 _beng
040 _cCRL
041 _2eng
041 _aeng
084 _qCRL
100 _aWintrobe
_91126767
245 4 _aThe Political Economy of Dictatorship 1st ed
260 _bCambridge University Press
260 _c2012
650 _aPolitical Science
856 _uhttps://doi.org/10.1017/CBO9781139174916
942 _cEBOOK
999 _c1705950
_d1705950